Datum a čas kvízu
28
Celkem bodů
Celkový počet nahraných bodů na tomto kvízu bez doplňovacích otázek.
3.
Pořadí na kvízu
Konečné umístění týmu na tomto kvízu.
Zaznamenané odpovědi
| # | Otázka | Odpověď | Body | Výsledky |
|---|---|---|---|---|
| 1. | Ministr obrany Lubomír Metnar... | 0 | ||
| 2. | Italské letovisko, které je ob... | 1 | ||
| 3. | Rakouská společnost Koch Media... | 0 | ||
| 4. | Společnost Coca-Cola přichází... | 0 | ||
| 5. | Obhájkyně Fed Cupu, české teni... | 0 | ||
| 6. | Dlouhé názvy filmů byly v módě... | 0 | ||
| 5. | Rodinná komedie, kde se objevi... | 1 | ||
| 5. | Volné pokračování úspěšné sati... | 1 | ||
| 5. | V roce 1974 natočil režisér Cl... | 1 | ||
| 5. | Doplňte dvě slova do názvu fil... | 1 |